Maths Questions [Easy Rating 0.5] - Statistics

General Stats
  • This quiz has been taken 343 times
  • The average score is 13 of 15
Answer Stats
Question Answer % Correct
90/9 10
98%
3x15 45
98%
60/10 6
98%
21/3 7
98%
51+23 74
98%
60-25 35
95%
14-5 9
92%
9+13 22
91%
8x5 40
91%
5x13 65
87%
15x2 30
81%
21+18 39
77%
75/5 15
68%
96/6 16
68%
75-39 36
63%
No matching quizzes found
Score Distribution
Percent of People with Each Score
Percentile by Number Answered
Your Score History
You have not taken this quiz